Statistics for Sons

Click here to take the quiz!

General Stats

  • This quiz has been taken 19 times
    (9 since last reset)
  • The average score is 8 of 18

Answer Stats

ParentsSon% Correct
Homer and MargeBart Simpson
89%
Barney and BettyBamm-Bamm
78%
Mufasa and SarabiSimba
78%
Jor-El and LaraSuperman
78%
Anakin and PadmeLuke
67%
Abdullah and AminahMuhammad
67%
Osiris and IsisHorus
56%
Abraham and SarahIsaac
56%
David and BathshebaSolomon
56%
Philip and OlympiasAlexander
44%
Śuddhodana and MayaBuddha
33%
James and LilyHarry Potter
33%
Arathorn and GilraenAragorn
22%
Odysseus and PenelopeTelemachus
22%
Zeus and AlcmeneHeracles
11%
George and LorraineMarty McFly
11%
Sarek and AmandaSpock
11%
Kyle and SarahJohn Connor
0%

Score Distribution

Percentile by Number Answered

Percent of People with Each Score

Your Score History

You have not taken this quiz since the last reset